000 06056nam a2200433 a 4500
003 EG-GiCUC
005 20260607131214.0
008 220925s2022 ua d frm 000 0 eng d
040 _aEG-GiCUC
_beng
_cEG-GiCUC
041 0 _aeng
_beng
_bara
049 _aDeposite
082 0 4 _a631.3827
092 _a631.3827
_221
097 _aM.Sc
099 _aCai01.21.07.M.Sc.2022.Ra.E
100 0 _aRadwa Ramadan Mohammed Khalaf
_epreparation.
245 1 0 _aEffect Of Low-Level Laser Therapy On Pain Following Orofacial Surgeries:
_bA Systematic Review /
_cby Radwa Ramadan Mohammed Khalaf ; Supervised Prof.Dr. Wafaa Hussein Borhan, Prof.Dr.Ahmed Amin Elsheikh, Prof.Dr.Nesrin Afify Abed Elrashid.
246 1 5 _aمراجعة منهجية :
_bتأثير العلاج بالليزر منخفض الشده على الألم بعد الجراحات الفموية الوجهية
264 0 _c2022
300 _a140 P . :
_bcharts ;
_c30cm
_eCD
336 _atext
_2rda content
337 _aUnmediated
_2rdamedia
338 _avolume
_2rdacarrier
502 _aThesis (M.Sc.) - Cairo University - Faculty of Physical Therapy - Department of P .T for surgery
504 _aBibliography: p. 124-138.
520 3 _aPurpose: The goal of this systematic study was to see if low-level laser therapy could help patients with discomfort after orofacial surgery. Methods: Randomized Controlled Trials: A Systematic Review, All studies were from 1996 to 2018, and the data sources searched were PubMed, Pedro, Google Scholar, and Cochrane. The English language was one of the restrictions. The methodological quality of included research was independently assessed, and a level of evidence was assigned (Center for Evidence Based Medicine). Intervention: Low-level lasers such as He Ne and GA AlAs, as well as their effects on pain in patients with orofacial operations, were studied in 11 randomized controlled studies. Results: eleven studies were chosen for inclusion in the meta-analysis, with the primary outcome of mucositic pain and secondary outcome of ROM and quality of life. Conclusions: In post-operative orofacial operations, prophylactic LLLT "GaAIAs" prevented severe mucositis and discomfort. There is some evidence that it has an impact on secondary outcomes such as ROM, cognitive function, and overall quality of life
520 3 _a هذه المراجعة المنهجية التي تهدف إلى دراسة تأثير العلاج بالليزر منخفض الشده على الألم بعد الجراحات الفموية الوجهية. وتم البحث بمساعدة الحاسوب من Cochraneو Med Pub، و قاعدة بيانات العلاج الطبيعي من دليل PEDro ، وباحث Google , باستخدام الكلمات: ” الجراحات الفموية الوجهية- الألم – العلاج بالليزر منخفض الشده ” وقد أجري Cochrane قواعد معلومات المتجهات خلال الفترة من يناير 1997م وحتى أكتوبر 2018 لعشوائية التجارب ذات الشواهد من العلاج العلاج بالليزر منخفض الشده على الألم عند المرضى بعد الجراحات الفموية الوجهية ومن خلال البحث في قاعدة بيانات محوسبة تشمل الطب والعلاج الطبيعي والصحية المصاحبة. وقد تم البحث من خلال Cochrane في باحث Google لجميع التجارب العشوائية التي تتبع معايير المراجعة (والذين تتراوح أعمارهم بين 8-94 عاما، مكتوبة باللغة الإنجليزية)، ويستخدم العلاج بالليزر منخفض الشدة كوسيلة للتدخل .وكانت مقاييس النتائج أنه قد تم فحص شدة الألم بعد جراحات الوجه والفك, وتم استعراض المراجع ذات الصلة بالمقالات المذكورة. وشملت احدى عشر تجربه عشوائية منظمة بالعلاج عن طريق الليزر منخفض الشده على شدة الألم في مرضى الجراحات الفموية الوجهية التي تمت في الاستعراض، وقد تم استخراج بيانات منفصلة بدقة لدراسة التراث الثقافي لوصف هذا الغرض، والتصميم، والإعداد. مثال: التدخل والنتائج بشكل واضح، أيضا إخفاء التخصيص، العشوائي ,العمى, وأوضح نية لعلاج التحاليل المذكورة في الدراسة. أنه تم تطبيق لائحة شاملة من حيث البحث قد وضعت معايير إدراج صريحة. وقد صنفت النتائج طبقا لاختلاف إحصائي واضح مؤثر وغير مؤثر, والوصف والتدخل, التحكم المتعدد, وأدوات القياس المذكورة, واستندت الخلاصة على فعالية العلاج بالليزر منخفض الشدة على قوة الأدلة العلمية. نظام التقييم استنادا إلى عدد من التجارب العشوائية، واستخدمت جودتها المنهجية واتساق نتائجها لتقديم مستويات قوية، ومعتدلة، ومحدودة، ومتناقضة وبدون مستويات من الادلة العلمية.
530 _aIssued also as CD
546 _aText in English and abstract in Arabic & English.
650 0 _aLaser therapy
653 1 _alaser mechanism
_alow level therapy
_aorofacial surgery
700 0 _aAhmed Amin Elsheikh
_ethesis advisor.
700 0 _aNesrin Afify Abed Elrashid
_ethesis advisor.
700 0 _aWafaa Hussein Borhan
_ethesis advisor.
900 _b01-01-2022
_cWafaa Hussein Borhan
_cAhmed Amin Elsheikh
_cNesrin Afify Abed Elrashid
_UCairo University
_FFaculty of Physical Therapy
_DDepartment of Physical Therapy for Surgery
905 _aShimaa
942 _2ddc
_cTH
999 _c84828